000 00492nam a22001937a 4500
003 NUST - PNEC
005 20170116180938.0
008 150904b xxu||||| |||| 00| 0 eng d
020 _a0070459088
020 _a0070459096
040 _cLIBRARY
082 _a537 PAU
100 _97742
_aPaul, Clayton R.
245 _aIntroduction to electromagnetic fields
_cClayton R. Paul
250 _a2nd ed.
260 _cc.1987
650 _97745
_aElectromagnetic fields
_xEE
942 _2ddc
_cBK
999 _c66098
_d66098